000 01477nam a2200337 i 4500
003 DO-SdBNP
005 20260515114618.0
007 ta
008 240515t2023 dr ||||| |||| 00| e spa d
020 _a9789945187274 (v. 1)
020 _a9789945187281 (v.2)
040 _aDO-SdBNP
_bspa
_cBNPHU
_erda
041 _aspa
082 4 _a345.72930277
_bJ95s
_222
245 0 0 _aJurisprudencia sobre narcotráfico /
_ccompilación, Germán Daniel Miranda Villalona ; prólogo, Juan Hirohito Reyes Cruz ; editor, Trajano Vidal Potentini
264 4 _aSanto Domingo :
_bLibrería Jurídica Virtual;
_bLibrería Jurídica Global,
_c©2023.
300 _a2 volúmenes ;
_c23 cm.
336 _atexto
_btxt
_2rdacontent
337 _asin mediación
_bn
_2rdamedia
338 _avolumen
_bnc
_2rdacarrier
500 _aIncluye datos biográficos del autor en la contracubierta.
505 0 _av.1--
_tJurisprudencia de la Suprema Corte--
_gv.2--
_tJurisprudencia del Tribunal Constitucional.
590 _aInventariado 2024 / MF
650 7 _aNarcóticos
_xLeyes y legislación
_989389
_2LIBRUNAM
_zRepública Dominicana
650 7 _aNarcotráfico
_zRepública Dominicana
_2LIBRUNAM
_917757
650 7 _aDrogas
_zLeyes y legislación
_2LIBRUNAM
_989592
700 1 _aMiranda Villalona, Germán Daniel,
_ecompilador
_4comp.
_986170
700 1 _aReyes Cruz, Juan Hirohito,
_eprologuista
_4pr.
_985477
700 1 _aPotentini Adames, Trajano Vidal,‏
_eeditor
_4ed.
_973577
942 _2ddc
_cLBS1
999 _c56674
_d56674